000 00216nam a22000857a 4500
999 _c11100
_d11100
008 180829b ||||| |||| 00| 0 eng d
100 _aMelville's Herman
_96867
245 _aMoby Dick
260 _aNew Delhi
_bCampfire
_c2016